000 01745cam a22004574i 4500
003 PE-LiUPU
005 20250731172912.0
008 150617s r 000 0 d
035 _a(Sirsi) a16932
040 _aPE-LiUPU
_bspa
_cPE-LiUPU
_erda
049 _aPRUA
082 0 4 _a270.8
_bT66
_221
110 2 _aIASD
245 1 0 _aHistoria del Departamento de Publicación.
264 1 _aBuenos Aires :
_bCasa Editora Sudamericana,
_c[s.f.].
300 _a126 páginas ;
_c16 cm
336 _atext
_2rdacontent
337 _aunmediated
_2rdamedia
338 _avolume
_2rdacarrier
504 _anotas bibliográficas.
505 0 _aImportancia del arte de imprimir. -Los primeros esfuerzos, 1845-1854. -En otras lenguas, 1855-1874. -Introducción del colportaje, 1875-1884. -Lecciones de la experiencia, 1885-1894. -Aplicación de las lecciones, 1895-1904. -El estudiante colportor, 1905-1914. -No hay crisis para el Señor, 1915-1922. -"Adelante con creciente éxito", 1923-1925.
526 _aSEG42
526 _aSEG41
526 _aSEG40
526 _aSEG39
526 _aP94
526 _aP87
526 _aP86
526 _aP85
526 _aP77
526 _aP76
526 _aP35
650 0 4 _aIASD
_xDepartamento de Publicaciones
_xhistoria.
910 _ajck
_bjvq
_cjck
_d20150616
942 _2ddc
_cBOOK
949 _a270.8 T66
_wDEWEY
_c1
_i02035
_lCCODEBUL1
_mBUL
_p00.00
_r0
_sY
_tBOOK
_u2015-04-21
_xTEOLOGIA
_PP35
_0COMPRA
_o.STAFF. Colección General
994 _aC0
_bPEPRU
596 _a1
999 _a270.8 T66
_wDEWEY
_c16455
_i02035
_d16455
_f2021-11-12
_g5
_lCCODEBUL1
_mBUL
_q1
_r0
_sY
_tBOOK
_u2015-4-21
_xTEOLOGIA
_PP35
_0COMPRA
_o.STAFF. Colección General
980 _81
_gALBERTO SANCHEZ Responsable de Automatización